| 000 | 00646nam a2200229 a 4500 | ||
|---|---|---|---|
| 008 | |||
| 020 | _a0130775614 (pbk.) | ||
| 049 | _aMAIN | ||
| 090 |
_aQR41.2 _bBRO |
||
| 100 | 1 | _aBrock, Thomas D. | |
| 245 | 1 | 0 |
_aBiology of microoganisms / _bThomas D. Brock, Michael T. Madigan. |
| 250 | _a5th ed. | ||
| 260 |
_aEnglewood Cliff : _bPrentice Hall International, _cc1988. |
||
| 300 | _axi, 835 p. | ||
| 650 | 0 | _aMicroorganisms. | |
| 700 | 1 | _aMadigan, Michael T. | |
| 907 |
_a.b10055873 _b20-04-12 _c17-04-03 |
||
| 003 | |||
| 005 | 20230123133609.0 | ||
| 040 | _cNUST | ||
| 942 |
_cBOOKS _kQR41.2 _mBRO |
||
| 999 |
_c151335 _d151335 |
||